|
|
|
|
| LEADER |
00000cam a2200000 a 4500 |
| 001 |
vtls010024088 |
| 003 |
SK-MaSNL |
| 005 |
20260425224217.0 |
| 008 |
180730s2009 xo oa d 000 0bslo |
| 015 |
|
|
|a SNBA2009/12-06318
|
| 020 |
|
|
|a 9788080613532
|q (brož.)
|
| 035 |
|
|
|a AC092B21-1517-475A-B76D-7B007B504890
|
| 035 |
|
|
|a urn:nbn:sk:snk-amk9i7
|
| 035 |
|
|
|a urn:nbn:sk:snk-am0088te
|
| 040 |
|
|
|a SNK
|b slo
|c SNK
|e AACR2
|
| 041 |
0 |
|
|a slo
|
| 043 |
|
|
|a e-xo---
|
| 044 |
|
|
|a xo
|c SK
|
| 072 |
|
7 |
|a 929
|x Biografie
|2 konspekt
|
| 080 |
|
|
|a 902-051
|2 2001
|
| 080 |
|
|
|a 930-051
|2 2001
|
| 080 |
|
|
|a 37.011.3-051
|2 2001
|
| 080 |
|
|
|a (437.6)
|2 2001
|
| 080 |
|
|
|a (092)
|2 2001
|
| 245 |
0 |
0 |
|a Náš jubilant Jozef Vladár
|c [editor: Andrej Červeňák]
|
| 250 |
|
|
|a [1. vyd.]
|
| 260 |
|
|
|a Nitra
|b Spolok slovenských spisovateľov
|b Filozofická fakulta UKF
|c 2009
|
| 300 |
|
|
|a 100 s.
|b fotogr., ilustr.
|c 21 cm
|
| 600 |
1 |
7 |
|a Vladár, Jozef,
|d 1934-2025
|2 SNKMA
|9 85377
|
| 650 |
0 |
7 |
|a archeológovia
|2 SNKPH
|9 58076
|
| 650 |
0 |
7 |
|a historici
|2 SNKPH
|9 54543
|
| 650 |
0 |
7 |
|a pedagógovia
|2 SNKPH
|9 18561
|
| 651 |
|
7 |
|a Slovensko
|2 SNKPH
|9 14231
|
| 655 |
|
7 |
|a biografie
|2 SNKPH
|9 27965
|
| 700 |
1 |
|
|a Červeňák, Andrej,
|d 1932-2012
|4 edt
|9 153402
|
| 919 |
|
|
|a 978-80-8061-353-2
|
| 958 |
|
|
|a BX
|
| 958 |
|
|
|a OND
|
| 968 |
|
|
|d 90
|
| 999 |
|
|
|c 607214
|d 609144
|
| 952 |
|
|
|a SNK
|b SNK
|y PREZ
|7 0
|p 17A0634927
|o snkSC 138023
|i snk2009/20931
|8 0
|0 0
|1 0
|4 0
|d 2009-11-24
|l 0
|r 2025-07-04 00:00:00
|w 2026-02-23
|
| 952 |
|
|
|a SNK
|b SNK
|y VYP
|7 0
|p 17A0634928
|o snkSC 138023 D1
|i snk2009/20932
|8 0
|0 0
|1 0
|4 0
|d 2009-11-24
|f 1
|l 0
|r 2026-02-23 16:12:44
|w 2026-02-23
|